Presencia de los frutos : (Registro nro. 46166)
[ vista simple ]
| 000 -CABECERA | |
|---|---|
| campo de control de longitud fija | 00835nam a2200217 a 4500 |
| 001 - NÚMERO DE CONTROL | |
| campo de control | 000046677 |
| 005 - FECHA Y HORA DE LA ÚLTIMA TRANSACCIÓN | |
| campo de control | 20240305141307.0 |
| 008 - DATOS DE LONGITUD FIJA--INFORMACIÓN GENERAL | |
| campo de control de longitud fija | 110224s2017 dr 000 p spa d |
| 020 ## - NÚMERO INTERNACIONAL ESTÁNDAR DEL LIBRO | |
| Número Internacional Estándar del Libro | 9789945503036 |
| 040 ## - FUENTE DE LA CATALOGACIÓN | |
| Centro catalogador/agencia de origen | DO-SdBNP |
| Lengua de catalogación | spa |
| Centro/agencia transcriptor | BNPHU |
| 082 ## - NÚMERO DE LA CLASIFICACIÓN DECIMAL DEWEY | |
| Número de clasificación | xxx |
| Número de documento/Ítem | xxx |
| 100 1# - ENTRADA PRINCIPAL--NOMBRE DE PERSONA | |
| Nombre de persona | Sánchez Lamouth, Juan, |
| Fechas asociadas al nombre | 1929-1968 |
| 9 (RLIN) | 20547 |
| 245 10 - MENCIÓN DE TÍTULO | |
| Título | Presencia de los frutos : |
| Resto del título | (selección poética) / |
| Mención de responsabilidad, etc. | Juan Sánchez Lamouth ; prólogo Manuel García Cartagena ; selección Cayo Claudio Espinal, José Enrique García. |
| 260 ## - PUBLICACIÓN, DISTRIBUCIÓN, ETC. | |
| Lugar de publicación, distribución, etc. | Santo Domingo : |
| Nombre del editor, distribuidor, etc. | Ministerio de cultura, |
| Fecha de publicación, distribución, etc. | 2017. |
| 300 ## - DESCRIPCIÓN FÍSICA | |
| Extensión | 164 p. ; |
| Dimensiones | 20 cm. |
| 490 1# - MENCIÓN DE SERIE | |
| Mención de serie | Biblioteca dominicana básica |
| Designación de volumen o secuencia | 2 |
| 490 1# - MENCIÓN DE SERIE | |
| Mención de serie | Poesía |
| 500 ## - NOTA GENERAL | |
| Nota general | Incluye datos biografícos del autor en las solapas. |
| 590 ## - NOTA LOCAL (RLIN) | |
| Nota local | Inventariado, 2018/ YL |
| 830 #0 - PUNTO DE ACCESO ADICIONAL DE SERIE-TÍTULO UNIFORME | |
| Título uniforme | Biblioteca dominicana básica |
| Número de parte o sección de la obra | 2 |
| Nombre de parte o sección de la obra | Poesía |
| 9 (RLIN) | 74629 |
| Estado de retiro | Estado de pérdida | No para préstamo | Código de colección | Localización permanente | Ubicación/localización actual | Ubicación en estantería | Fecha de adquisición | Número de inventario | Total de préstamos | Signatura topográfica completa | Código de barras | Fecha visto por última vez | Número de copia | Precio válido a partir de | Tipo de ítem Koha |
|---|---|---|---|---|---|---|---|---|---|---|---|---|---|---|---|
| Excluido de préstamo | Dominicana de Servicio | General | General | En catalogación | 16.03.2018 | LF1 | xxx xxx | 46677-30 | 25.06.2020 | e. 3 | 25.06.2020 | Libro y Folleto Colección Dominicana de Servicio | |||
| Excluido de préstamo | Dominicana de Servicio | General | General | En catalogación | 16.03.2018 | LF1 | xxx xxx | 46677-40 | 25.06.2020 | e. 4 | 25.06.2020 | Libro y Folleto Colección Dominicana de Servicio | |||
| Excluido de préstamo | Dominicana de Servicio | General | General | En catalogación | 16.03.2018 | LF1 | xxx xxx | 46677-50 | 25.06.2020 | e. 5 | 25.06.2020 | Libro y Folleto Colección Dominicana de Servicio | |||
| Excluido de préstamo | Patrimonio Dominicano | Patrimonio Dominicano | Patrimonio Dominicano | En catalogación | 16.03.2018 | LF1 | xxx xxx | 46677-10 | 25.06.2020 | 25.06.2020 | Libro y Folleto Colección Patrimonio Dominicano | ||||
| Excluido de préstamo | Patrimonio Dominicano | Patrimonio Dominicano | Patrimonio Dominicano | En catalogación | 16.03.2018 | LF1 | xxx xxx | 46677-20 | 25.06.2020 | e. 2 | 25.06.2020 | Libro y Folleto Colección Patrimonio Dominicano |
